Music Quiz

Random Music or Song Quiz

Artist by Song Quiz Stats

 Plays Quiz not verified by Sporcle

Challenge
Share
Tweet
Embed
Score 0/29 Timer 11:00
0 Plays Today
Hint Answer % Correct
Poker FaceLady Gaga
88.9%
Hound DogElvis
85.7%
Lucy in the Sky with DiamondsBeatles
77.8%
All My LovingBeatles
77.8%
Pinball Wizard Who
66.7%
The Final CountdownEurope
66.7%
Party Rock AnthemLMFAO
66.7%
ROARKaty Perry
63%
Smoke on the WaterDeep Purple
59.3%
Dont Fear the ReaperBlue Oyster Cult
59.3%
GodzillaBlue Oyster Cult
59.3%
StrongerKanye West
48.1%
Rock and Roll all NightKiss
44.4%
Cant Buy Me LoveBeatles
42.9%
Dani CaliforniaRed Hot Chilli Peppers
40.7%
Hint Answer % Correct
Glad you CameWanted
40.7%
Mr.BoombasticShaggy
37%
Gold on the Ceiling Black Keys
33.3%
Lonely BoyBlack Keys
33.3%
What Does the Fox SayYlvis
28.6%
Crazy TrainBlack Sabbath
14.3%
Rock and RollLed Zepplin
11.1%
Public Service Announcement Jay Z
11.1%
ChampionMetta World Peace
7.4%
PeaceMetta World Peace
7.4%
Kobe BryantLil Wayne
0%
Stuck in the Middle with YouStealers Wheelers
0%
Bow Down to No ManHogni
0%
Afro BlueJohn Coltrane
0%

You're not logged in!

Compare scores with friends on all Sporcle quizzes.
OR
Log In

You Might Also Like...

Show Comments

Extras

Created Nov 21, 2013ReportNominate
Tags:Artist Quiz, Song Quiz

Top Quizzes Today


Score Distribution

Your Account Isn't Verified!

In order to create a playlist on Sporcle, you need to verify the email address you used during registration. Go to your Sporcle Settings to finish the process.

Report this User

Report this user for behavior that violates our Community Guidelines.

Details: